Sexual and Reproductive Health Matters

Detalhes bibliográficos
Formato: Recurso Electrónico Periódico
Idioma:English
Publicado em: Taylor & Francis, Ltd.
Acesso em linha:Full text available on JSTOR[2019-10-01 - 2021-12-01]
Off-campus access
LEADER 00932cas a2200193 a 4500
001 AALejournalJSTOR002613
008 230228c9999 xx r poo 0 0eng d
022 |a 2641-0397 
040 |a BD-DhAAL  |c BD-DhAAL 
245 0 0 |h [electronic resource]  |a Sexual and Reproductive Health Matters 
260 |b Taylor & Francis, Ltd. 
300 |a 1 online resource 
362 0 |a Vol. 27,  |a no. 2 
500 |a <strong>Off-Campus Access:</strong> Athens ID and Password Required 
500 |a <strong>On-Campus Access:</strong> No User ID or Password Required 
506 |a Electronic access restricted to authorized BRAC University faculty, staff and students 
538 |a Mode of access: Internet 
856 4 0 |z Full text available on JSTOR[2019-10-01 - 2021-12-01]  |u https://www.jstor.org/journal/sexureprhealmatt 
856 4 0 |z Off-campus access  |u https://go.openathens.net/redirector/bracu.ac.bd?url=https%3A%2F%2Fwww.jstor.org%2Fjournal%2Fsexureprhealmatt